| 000 | 00000nam 2200000zi 4500 |
| 001 | 9.892512 |
| 003 | CaOODSP |
| 005 | 20221107173207 |
| 006 | m o d f |
| 007 | cr cn||||||||| |
| 008 | 201016s1966 onco oc f001 0 fre d |
| 040 | |aCaOODSP|bfre|erda|cCaOODSP |
| 041 | 0 |afre|aeng |
| 043 | |an-cn--- |
| 086 | 1 |aId44-10/1966-PDF |
| 245 | 00|aCanada-design '67 catalogue : |bproducts for buildings = Canada-design '67 catalogue : produits pour bâtiment. |
| 246 | 11|aCanada-design '67 catalogue : |bproduits pour bâtiment |
| 246 | 14|aCanada-design '67 catalogue : |bproducts for buildings = Canada-design '67 catalogue : produits pour bâtiments |
| 246 | 10|aProducts for buildings |
| 246 | 10|aProduits pour bâtiment |
| 246 | 10|aProduits pour bâtiments |
| 264 | 1|aOttawa : |b[National Design Council = Conseil national d'esthétique industrielle], |c1966. |
| 300 | |a1 ressource en ligne (194 pages) : |bphotographies |
| 336 | |atexte|btxt|2rdacontent/fre |
| 337 | |ainformatique|bc|2rdamedia/fre |
| 338 | |aressource en ligne|bcr|2rdacarrier/fre |
| 500 | |aÉdition numérisée de l'imprimé [par Innovation, sciences et développement économique Canada]. |
| 504 | |aComprend un index. |
| 520 | |a« Les ouvrages publiés dans le catalogue constituent un choix varié d'articles canadiens de haute conception et démontrent que le Canada a beaucoup à offrir en fait d'originalité et d'aptitude technique, et est en mesure de se lancer en toute sécurité dans la concurrence internationale » -- Introduction, page 2. |
| 546 | |aTexte en français et en anglais. |
| 650 | 6|aConstruction|xMatériaux|zCanada|vCatalogues. |
| 650 | 6|aConstructions|xÉquipement mécanique|vCatalogues. |
| 650 | 6|aMeubles|zCanada|vCatalogues. |
| 655 | 7|aCatalogues|2rvmgf |
| 710 | 2 |aConseil national de l'esthétique industrielle (Canada), |eorganisme de publication. |
| 710 | 1 |aCanada. |bIndustrie, sciences et technologie Canada, |eorganisme de publication. |
| 791 | |tCanada-design '67 catalogue : |eeng|w(CaOODSP)9.882762 |
| 856 | 40|qPDF|s34.02 Mo|uhttps://publications.gc.ca/collections/collection_2020/isde-ised/Id44-10-1966.pdf |